01028 2200385 4500001002100000005001500021035002000036007000300056040001700059100002700076245004200103250001300145300004100158020001800199041000800217082001200225084001800237090002300255264003800278336002100316337003000337338002300367650001400390850001000404008004100414500001900455990002100474990002100495990002100516990002100537990002100558990002100579990002100600990002100621INLIS00000000000501020260515074435 a0010-0222000100ta aSBPUPADbind0 aMahfud Moh.ePengarang1 aDemokrasi dan Konstitusi Di Indonesia a.-Cet. 2 axiv, 292 hal. :bilus. ;c15 x 23 cm a979-518-845-3 aind a321.859 a321.859 MAH d a2X9 FAT a 2 5 R 19 a.--Jakarta :bRineka Cipta,c2003 2rdacontentaTeks 2rdamediaaTanpa Perantara 2rdacarrieraVolume 4aDemokrasi aPUPAD260515 0  aProfil Penulis a3146/BR/ARPUS/07 a3145/BR/ARPUS/07 a3147/BR/ARPUS/07 a3143/BR/ARPUS/07 a3146/BR/ARPUS/07 a3145/BR/ARPUS/07 a3147/BR/ARPUS/07 a3143/BR/ARPUS/07